000 01370nam0a22002891 4500
001 rc\3414669
005 20130115140644.7
021 _aRU
_b[74-89783]
035 _a(NLR Aleph) 007579422
090 _a5492112
_c5492112
100 _a20130115d1974 |||y0rusy50 ca
101 0 _arus
102 _aRU
105 _aa z |||||
200 1 _aРассеяние энергии при колебаниях механических систем
_e[Материалы совещ.]
_fПод ред. акад. Г.С. Писаренко
_gАН УССР. Ин-т проблем прочности
210 _aКиев
_cНаук. думка
_d1974
215 _a328 с.
_cчерт.
_d20
320 _aСписки лит. в конце докл.
606 _aКолебательные системы
_xРассеяние энергии
_jСборники
_2psbo
702 1 _aПисаренко
_bГ. С.
_f1910-2001
_gГеоргий Степанович
_4340
712 0 2 _aИнститут проблем прочности
_cКиев
_3RU\NLR\AUTH\8810015276
712 1 2 _aНаучное совещание по вопросам рассеяния энергии при механических колебаниях
_d9
_f1972
_eКиев
_3RU\NLR\AUTH\8810091793
801 0 _aRU
_bNLR
_gpsbo
801 1 _aRU
_bELAR
_2rusmarc
852 _aNLR
_j74-3/4919
942 _cBOOK
980 _aNB